000 02298cam a2200337 a 4500
001 13623717
003 OSt
005 20230530153637.0
008 040615s2004 dcuab b 000 0 eng
010 _a 2004014022
020 _a1880317737
040 _aDLC
_cDLC
_dDLC
050 0 0 _aBS615
_b.M98 2004
082 0 0 _a220.9/3
_222
245 0 0 _aMysteries of the Bible :
_bthe enduring questions of scriptures
260 _aNew York
_bReader's digest
_c1988
300 _a384 p.
500 _a"All essays previously appeared in Biblical archaeology review or Bible review"--T.p verso.
504 _aIncludes bibliographical references.
505 0 _aA lost river of Eden : rediscovering the Pishon / James Sauer -- A futile quest : the search for Noah's ark / William Stiebing -- Mt. Sinai--in Arabia? : ancient Jewish tradition locates holy mountain / Allen Kerkeslager -- Mt. Sinai--in the Negev? : ancient cult center discovered on desert peak / Emmanuel Anati -- False conclusions : identification of Har Karkom flawed / Israel Finkelstein -- How Lord Kingsborough lost his fortune : looking for the lost tribes among the Maya / Howard W. Goodkind -- Lost and found : evidence of tribes discovered close to home / Hershel Shanks -- The tribe of Manasseh : found in India? / Hershel Shanks ... [et al.] -- From Israel to Ethiopia : the journey of the Ark / Ephraim Isaac -- From Jerusalem to Egypt : did the Ark stop in elephantine? / Bezalel Porten -- What the wise men knew : Babylonian astronomy dates Jesus' birth / Simo Parpola -- The search for the Holy grail : misguided from the start / Ben Witherington III -- Art, artifice or artifact? : supposed burial Shroud probably made in 14th century / Robert A. Wild -- Carbon-14 results in : questions remain / Suzanne F. Singer.
630 0 0 _aBible
_xMiscellanea.
630 0 0 _aBible
_xAntiquities
_xMiscellanea.
700 1 _aAnati, Emmanuel.
700 1 _aMeinhardt, Molly Dewsnap.
730 0 _aBiblical archaeology review.
730 0 _aBible review.
856 4 1 _3Table of contents
_uhttp://www.loc.gov/catdir/toc/ecip0419/2004014022.html
906 _a7
_bcbc
_corignew
_d1
_eecip
_f20
_gy-gencatlg
942 _2lcc
_cBK
999 _c20164
_d20163